| 000 | 01169cam a2200349 a 4500 | ||
|---|---|---|---|
| 001 | 106525 | ||
| 005 | 20230410101949.0 | ||
| 008 | 000331s2000 dr a 000 0 spa | ||
| 035 | _a11959748 | ||
| 925 | 0 |
_aacquire _b1 shelf copy _xpolicy default |
|
| 942 |
_2lcc _cbk |
||
| 010 | _a 00346677 | ||
| 040 |
_aDLC _cDLC _dDLC |
||
| 043 | _anwdr--- | ||
| 050 | 1 | 4 |
_a118 F 1938.58 _bA577j 2000 |
| 082 | 0 | 0 | _a972.9305/4/092 |
| 100 | 1 |
_aAndújar Carbonell, Sócrates, _d1954- |
|
| 245 | 1 | 0 |
_aJoaquín Balaguer, el gobernante : _bun hombre para estas horas / _cSócrates Andújar Carbonell. |
| 250 | _a1. ed. | ||
| 260 |
_aSanto Domingo : _bConadex, _c2000 |
||
| 300 |
_a263 p. : _bill. ; _c21 cm. |
||
| 500 | _a"Apendice: discursos del Dr. Joaquín Balaguer": p. [145]-253. | ||
| 600 | 1 | 0 |
_aBalaguer, Joaquín, _d1906-2002. |
| 651 | 0 |
_aDominican Republic _xPolitics and government _y20th century. |
|
| 650 | 4 | _aCFB | |
| 650 | 4 | _aColección Font Bernard | |
| 610 | 2 | 0 | _aPartido Reformista (Dominican Republic) |
| 650 | 0 |
_aPresidents _zDominican Republic _vBiography. |
|
| 700 | 1 |
_aBalaguer, Joaquin, _d1906-2002. |
|
| 923 |
_d20000218 _n48465 |
||
| 946 | _aYSL | ||
| 999 |
_c16527 _d16527 |
||